000 00722nam a2200253Ia 4500
003 OSt
005 20220928101554.0
006 a|||||r|||| 00| 0
007 ta
008 220927b |||||||| |||| 00| 0 eng d
020 _c895
024 _a109497
037 _b118, 01/09/2010, Pioneer Book Distributors
_cTextual
040 _aSDCL
_cSDCL
_beng
041 _2eng
_aeng
082 _aX:9.4'P, QO
100 _aBreman Jan
245 0 _aOutcast labour in Asia.
260 _aNew Delhi
_bOxford Unviersity Press
_c2010
300 _a391
_ccm.
650 _aPolitical Science
942 _hX:9.4'P, QO
_cTEXL
_2CC
999 _c707669
_d707669